|
|
|
|
| LEADER |
01756nam a2200397 i 4500 |
| 001 |
EBC4810348 |
| 003 |
MiAaPQ |
| 005 |
20200520144314.0 |
| 006 |
m o d | |
| 007 |
cr cnu|||||||| |
| 008 |
170302t20162016gw a ob 000 0 ger d |
| 020 |
|
|
|z 9783737602204
|
| 020 |
|
|
|a 9783737602211 (e-book)
|
| 035 |
|
|
|a (MiAaPQ)EBC4810348
|
| 035 |
|
|
|a (Au-PeEL)EBL4810348
|
| 035 |
|
|
|a (CaPaEBR)ebr11350551
|
| 035 |
|
|
|a (OCoLC)971891350
|
| 040 |
|
|
|a MiAaPQ
|b eng
|e rda
|e pn
|c MiAaPQ
|d MiAaPQ
|
| 050 |
|
4 |
|a QA911
|b .S745 2016
|
| 082 |
0 |
|
|a 532.05
|2 23
|
| 100 |
1 |
|
|a Stein, Anika,
|e author.
|
| 245 |
1 |
0 |
|a Simulation rotordynamischer Problemstellungen mit der Smoothed Particle Hydrodynamics Methode /
|c Anika Stein.
|
| 264 |
|
1 |
|a Kassel, [Germany] :
|b Kassel university press GmbH,
|c 2016.
|
| 264 |
|
4 |
|c 2016
|
| 300 |
|
|
|a 1 online resource (183 pages) :
|b illustrations (some color)
|
| 336 |
|
|
|a text
|2 rdacontent
|
| 337 |
|
|
|a computer
|2 rdamedia
|
| 338 |
|
|
|a online resource
|2 rdacarrier
|
| 504 |
|
|
|a Includes bibliographical references.
|
| 588 |
|
|
|a Description based on online resource; title from PDF title page (ebrary, viewed March 2, 2017).
|
| 590 |
|
|
|a Electronic reproduction. Ann Arbor, MI : ProQuest, 2016. Available via World Wide Web. Access may be limited to ProQuest affiliated libraries.
|
| 650 |
|
0 |
|a Hydrodynamics
|x Statistical methods.
|
| 655 |
|
4 |
|a Electronic books.
|
| 776 |
0 |
8 |
|i Print version:
|a Stein, Anika.
|t Simulation rotordynamischer Problemstellungen mit der Smoothed Particle Hydrodynamics Methode.
|d Kassel, [Germany] : Kassel university press GmbH, c2016
|h 159 pages
|z 9783737602204
|
| 797 |
2 |
|
|a ProQuest (Firm)
|
| 856 |
4 |
0 |
|u https://ebookcentral.proquest.com/lib/matrademy/detail.action?docID=4810348
|z Click to View
|